|
|
|
|
| LEADER |
04991nas a2200949 i 4500 |
| 001 |
nkc20122277883 |
| 003 |
CZ PrNK |
| 005 |
20250808130313.0 |
| 007 |
ta |
| 008 |
120127c19699999xr ar 0 b0cze |
| 015 |
|
|
|z cnb000108897
|z cnb000137431
|
| 022 |
|
|
|a 2336-3843
|
| 040 |
|
|
|a ABA001
|b cze
|d BOA001
|d OLA001
|e rda
|
| 043 |
|
|
|a e-xr---
|
| 045 |
|
|
|a x9y3
|
| 072 |
|
7 |
|a 528
|x Geodezie. Kartografie
|2 Konspekt
|9 7
|
| 080 |
|
|
|a 001.32
|2 MRF
|
| 080 |
|
|
|a 528
|2 MRF
|
| 080 |
|
|
|a 528.9
|2 MRF
|
| 080 |
|
|
|a (437.3)
|2 MRF
|
| 080 |
|
|
|a (047.1)
|2 MRF
|
| 110 |
2 |
|
|a Výzkumný ústav geodetický, topografický a kartografický
|7 kn20030707004
|4 aut
|
| 210 |
1 |
|
|a Výr. zpr. VÚGTK rok
|
| 222 |
|
0 |
|a Výroční zpráva VÚGTK za rok ...
|
| 240 |
1 |
0 |
|a Výroční zpráva (Výzkumný ústav geodetický, topografický a kartografický)
|7 kon2012681405
|
| 245 |
1 |
0 |
|a Výroční zpráva VÚGTK za rok ...
|
| 246 |
1 |
|
|i Název od roku 2013?:
|a Výroční zpráva za rok ...
|
| 246 |
1 |
|
|i Název od roku 2020:
|a Výroční zpráva ...
|
| 246 |
3 |
|
|a Výroční zpráva Výzkumného ústavu geodetického, topografického a kartografického za rok ...
|
| 246 |
3 |
|
|a Výzkumný ústav geodetický, topografický a kartografický - výroční zpráva ...
|
| 264 |
|
1 |
|a Zdiby :
|b Výzkumný ústav geodetický, topografický a kartografický,
|c [1969]-
|
| 300 |
|
|
|a ^^^svazků :
|b ilustrace (některé barevné), faksimile ;
|c 22-30 cm
|
| 310 |
|
|
|a 1x ročně
|
| 336 |
|
|
|a text
|b txt
|2 rdacontent
|
| 337 |
|
|
|a bez média
|b n
|2 rdamedia
|
| 338 |
|
|
|a svazek
|b nc
|2 rdacarrier
|
| 362 |
0 |
|
|a 1967 (vydáno 1969)-
|
| 500 |
|
|
|a Součástí názvu je označení běžného roku
|
| 500 |
|
|
|a Některé svazky mají ISBN
|
| 588 |
|
|
|a Popsáno podle: 1991
|5 CZ-PrNK
|
| 541 |
|
|
|c pv-r
|
| 610 |
2 |
7 |
|a Výzkumný ústav geodetický, topografický a kartografický
|7 kn20030707004
|2 czenas
|
| 648 |
|
7 |
|a 1991-2030
|7 ch1160850
|2 czenas
|
| 648 |
|
7 |
|a 20.-21. století
|7 ch462155
|2 czenas
|
| 650 |
0 |
7 |
|a výzkumné ústavy
|7 ph127482
|z Česko
|y 20.-21. století
|2 czenas
|
| 650 |
0 |
7 |
|a geodézie
|7 ph114613
|z Česko
|2 czenas
|
| 650 |
0 |
7 |
|a kartografie
|7 ph114874
|z Česko
|2 czenas
|
| 650 |
0 |
9 |
|a research institutes
|z Czechia
|y 20th-21st centuries
|2 eczenas
|
| 650 |
0 |
9 |
|a geodesy
|z Czechia
|2 eczenas
|
| 650 |
0 |
9 |
|a cartography
|z Czechia
|2 eczenas
|
| 655 |
|
7 |
|a výroční zprávy
|7 fd133860
|2 czenas
|
| 655 |
|
9 |
|a annual reports
|2 eczenas
|
| 856 |
4 |
1 |
|u http://www.digitalniknihovna.cz/mzk/uuid/uuid:30a34020-5d54-11e6-95c7-005056825209
|y Digitalizovaný dokument
|x NDK
|
| 902 |
|
|
|a 80-900595-7-0
|q (1991 ;
|q brožováno)
|
| 902 |
|
|
|a 978-80-85881-36-3
|q (2013 ;
|q v knize neuvedeno ;
|q brožováno)
|
| 902 |
|
|
|a 978-80-85881-38-7
|q (2014 ;
|q v knize neuvedeno ;
|q brožováno)
|
| 902 |
|
|
|a 978-80-85881-39-4
|q (2015 ;
|q v knize neuvedeno ;
|q brožováno)
|
| 902 |
|
|
|a 978-80-85881-40-0
|q (2016 ;
|q v knize neuvedeno ;
|q brožováno)
|
| 902 |
|
|
|a 978-80-85881-41-7
|q (2017 ;
|q v knize neuvedeno ;
|q brožováno)
|
| 902 |
|
|
|a 978-80-85881-42-4
|q (2018 ;
|q brožováno)
|
| 902 |
|
|
|a 978-80-85881-47-9
|q (2019 ;
|q brožováno)
|
| 902 |
|
|
|a 978-80-85881-49-3
|q (2020 ;
|q brožováno)
|
| 902 |
|
|
|a 978-80-85881-51-6
|q (2021 ;
|q brožováno)
|
| 902 |
|
|
|a 978-80-85881-56-1
|q (2022 ;
|q brožováno)
|
| 902 |
|
|
|a 978-80-85881-57-8
|q (2023 ;
|q brožováno)
|
| 902 |
|
|
|a 978-80-85881-59-2
|q (2024 ;
|q brožováno)
|
| 910 |
2 |
|
|a BOA001
|b 04415-1318.206
|s 2013-2024-
|
| 920 |
|
|
|a 001407602
|
| 990 |
|
|
|a SE
|
| 995 |
|
|
|a 11
|
| 991 |
|
|
|b 201407
|
| 996 |
6 |
|
|b 2610598169
|c 04415-1318.206
|d 2013
|v 2013
|y 2013
|l MZK
|r Sklad / do 1 hodiny
|n 0
|p p.v.
|w 001442793
|u 000010
|a 1
|e BOA001
|j MZK50
|s P
|
| 996 |
6 |
|
|b 2610636644
|c 04415-1318.206
|d 2014
|v 2014
|y 2014
|l MZK
|r Sklad / do 1 hodiny
|n 0
|p p.v.
|w 001442793
|u 000020
|a 1
|e BOA001
|j MZK50
|s P
|
| 996 |
6 |
|
|b 2610677453
|c 04415-1318.206
|d 2015
|v 2015
|y 2015
|l MZK
|r Sklad / do 1 hodiny
|n 0
|p p.v.
|w 001442793
|u 000030
|a 1
|e BOA001
|j MZK50
|s P
|
| 996 |
6 |
|
|b 2610711355
|c 04415-1318.206
|d 2016
|v 2016
|y 2016
|l MZK
|r Sklad / do 1 hodiny
|n 0
|p p.v.
|w 001442793
|u 000040
|a 1
|e BOA001
|j MZK50
|s P
|
| 996 |
6 |
|
|b 2610752711
|c 04415-1318.206
|d 2017
|v 2017
|y 2017
|l MZK
|r Sklad / do 1 hodiny
|n 0
|p p.v.
|w 001442793
|u 000050
|a 1
|e BOA001
|j MZK50
|s P
|
| 996 |
6 |
|
|b 2610855356
|c 04415-1318.206
|d 2019
|v 2019
|y 2019
|l MZK
|r Sklad / do 1 hodiny
|n 0
|p p.v.
|w 001442793
|u 000060
|a 1
|e BOA001
|j MZK50
|s P
|
| 996 |
6 |
|
|b 2610873483
|c 04415-1318.206
|d 2020
|v 2020
|y 2020
|l MZK
|r Sklad / do 1 hodiny
|n 0
|p p.v.
|w 001442793
|u 000070
|a 1
|e BOA001
|j MZK50
|s P
|
| 996 |
6 |
|
|b 2610974062
|c 04415-1318.206
|d 2021
|y 2021
|l MZK
|r Sklad / do 1 hodiny
|n 0
|p p.v.
|w 001442793
|u 000080
|a 1
|e BOA001
|j MZK50
|s P
|
| 996 |
6 |
|
|b 2610974063
|c 04415-1318.206
|d 2022
|y 2022
|l MZK
|r Sklad / do 1 hodiny
|n 0
|p p.v.
|w 001442793
|u 000090
|a 1
|e BOA001
|j MZK50
|s P
|
| 996 |
6 |
|
|b 2610974064
|c 04415-1318.206
|d 2023
|y 2023
|l MZK
|r Sklad / do 1 hodiny
|n 0
|p p.v.
|w 001442793
|u 000100
|a 1
|e BOA001
|j MZK50
|s P
|
| 996 |
6 |
|
|b 2611002892
|c 04415-1318.206
|d 2024
|y 2024
|l MZK
|r Sklad / do 1 hodiny
|n 0
|p p.v.
|w 001442793
|u 000110
|a 1
|e BOA001
|j MZK50
|s P
|